000
00272nam a22001337a 4500
003
SGT
082
_a
616.024
_b
P14H
100
_a
HASSAN,ASHFAQ UI
245
_a
PALTINUM NATS 2014-15
250
_a
4TH
260
_a
INDIA
_b
JAYPEE
_c
2014
300
_a
435
942
_2
ddc
_c
BK
999
_c
14089
_d
14089